| 000 | 00663nam a2200193 i 4500 | ||
|---|---|---|---|
| 001 | 40422 | ||
| 003 | ES-MaACL | ||
| 005 | 20251207063031.0 | ||
| 007 | t| | ||
| 008 | 030306s1913 mx ||||1| spa d | ||
| 100 | 1 |
_aCárdenas, Juan de, _d1563-1609 _9158053 |
|
| 245 | 1 | 0 |
_aPrimera parte de los problemas y secretos maravillosos de las indias / _ccompuesta por Juan de Cárdenas. |
| 250 | _a2ª ed. | ||
| 260 |
_aMéxico : _b[s.n., _c1913] ( _fImp. del Museo de Arqueología) |
||
| 300 |
_a222 p. ; _c24 cm. |
||
| 651 |
_aAmérica española- _xDescripción- _vObras anteriores a 1800. _9172691 |
||
| 852 |
_aES-MaACL _jF-15219 |
||
| 999 |
_c40422 _d40422 |
||